Adam of the road / (Record no. 50058)
| 000 -LEADER | |
|---|---|
| fixed length control field | 00691nam a2200169 4500 |
| 020 ## - INTERNATIONAL STANDARD BOOK NUMBER | |
| International Standard Book Number | 9780140324648 |
| 100 ## - MAIN ENTRY--PERSONAL NAME | |
| Personal name | Gray, Elizabeth Janet. |
| 9 (RLIN) | 75656 |
| 245 ## - TITLE STATEMENT | |
| Title | Adam of the road / |
| Statement of responsibility, etc | Elizabeth Janet Gray. |
| 260 ## - PUBLICATION, DISTRIBUTION, ETC. (IMPRINT) | |
| Place of publication, distribution, etc | New York: |
| Name of publisher, distributor, etc | Puffin Books; |
| Date of publication, distribution, etc | 1987. |
| 300 ## - PHYSICAL DESCRIPTION | |
| Extent | 317 p. |
| Dimensions | 20 cm. |
| 500 ## - GENERAL NOTE | |
| General note | "Puffin Newbery " [from front cover] |
| 520 ## - SUMMARY, ETC. | |
| Summary, etc | The adventures of 11 year old boy (Adam), as he travel the open roads of 13th century England seraching for his missing father, a minstrel, and his stolen red spaniel, Nick. |
| 650 ## - SUBJECT ADDED ENTRY--TOPICAL TERM | |
| Topical term or geographic name as entry element | Minstrels. Middle ages. |
| Form subdivision | Fiction. |
| Geographic subdivision | England. |
| 9 (RLIN) | 87084 |
| 655 ## - INDEX TERM--GENRE/FORM | |
| Genre/form data or focus term | Fantasy. |
| 9 (RLIN) | 56253 |
| 700 ## - ADDED ENTRY--PERSONAL NAME | |
| Relator code | illustrator. |
| Personal name | Robert Lawson. |
| 9 (RLIN) | 87085 |
| 942 ## - ADDED ENTRY ELEMENTS (KOHA) | |
| Source of classification or shelving scheme | |
| Koha item type | J FIC BOOKS |
| Withdrawn status | Lost status | Source of classification or shelving scheme | Damaged status | Not for loan | Collection code | Home library | Current library | Date acquired | Full call number | Barcode | Date last seen | Price effective from | Koha item type |
|---|---|---|---|---|---|---|---|---|---|---|---|---|---|
| SECONDARY | Asian Hope Secondary Library | Asian Hope Secondary Library | 03/09/2023 | J FIC GRA | 198148 | 01/16/2026 | 01/14/2026 | J FIC BOOKS |